• 首页
  • 本馆介绍
  • 公告通知
  • 最新文献
  • 馆藏检索
  • 电子资源
  • 读者导购
  • 参考咨询
  • 我的图书馆
  • 登录
  • 详细信息显示
  • 放入我的书架
  • 预约/预借图书
  • 作者相关作品
  • 分类相关作品
  • 丛书相关作品
  • 出版社相关作品

书目信息

  • 表格格式
  • 工作单格式
  • 卡片格式
题名:
堰塞湖遥感监测评估方法与实践
    
 
作者: 黄诗峰 著
分册:  
出版信息: 北京   中国水利水电出版社  2013.12
页数: 189页,[8]页图版
开本: 26cm
丛书名: 遥感水利应用技术丛书
单 册:
中图分类: P343.3
科图分类:
主题词: 遥感技术--应用--堰塞湖--水文观测 , 遥感技术 , 堰塞湖 , 水文观测
电子资源:
ISBN: 978-7-5170-1620-5
000 01117oam2 2200313 450
001 0120141253399
005 20140611153359.34
010    @a978-7-5170-1620-5@dCNY40.00
100    @a20140313d2013 em y0chiy0110 ea
101 0  @achi
102    @aCN@b110000
105    @aafk z 000yy
106    @ar
200 1  @a堰塞湖遥感监测评估方法与实践@9yan sai hu yao gan jian ce ping gu fang fa yu shi jian@f黄诗峰[等]著
210    @a北京@c中国水利水电出版社@d2013.12
215    @a189页,[8]页图版@c图@d26cm
225 2  @a遥感水利应用技术丛书
304    @a著者还有:李小涛,谭德宝,辛景峰,柴福鑫,程学军等
330    @a本书共7章,内容包括基于遥感的堰塞湖快速发现与动态监测,堰塞湖特征信息快速提取,堰塞湖淹没损失评估技术,堰塞湖风险等级快速评价技术等。
333    @a从事防灾减灾和遥感技术等方向的科研与工程技术人员
461  0 @12001 @a遥感水利应用技术丛书
606 0  @a遥感技术@x应用@x堰塞湖@x水文观测
606 0  @a遥感技术
606 0  @a堰塞湖
606 0  @a水文观测
690    @aP343.3@v5
701  0 @a黄诗峰@9huang shi feng@4著
801  0 @aCN@b人天书店@c20140313
905    @b549084-86@dP343.3@e112@f3
    
    堰塞湖遥感监测评估方法与实践/黄诗峰[等]著.-北京:中国水利水电出版社,2013.12
    189页,[8]页图版:图;26cm.-(遥感水利应用技术丛书)
    使用对象:从事防灾减灾和遥感技术等方向的科研与工程技术人员
    
    ISBN 978-7-5170-1620-5:CNY40.00
    本书共7章,内容包括基于遥感的堰塞湖快速发现与动态监测,堰塞湖特征信息快速提取,堰塞湖淹没损失评估技术,堰塞湖风险等级快速评价技术等。
●
相关链接 在E读中查询图书 在五车中查询图书 在当当中查询图书 在豆瓣中查询图书


正题名:堰塞湖遥感监测评估方法与实践     索取号:P343.3/112         预约/预借

序号 登录号 条形码 馆藏地/架位号 状态 备注
1 549084   205490841   第二样本阅览室/ [索取号:P343.3/112] 在馆    
2 549085   205490850   密集书库-资源管理系/ [索取号:P343.3/112] 在馆    
3 549086   205490869   第三借阅区/ [索取号:P343.3/112] 在馆    
唐山师范学院图书馆 欢迎您!
大连网信软件有限公司© 版权所有